Faculty of Law Library — Cairo University

Official Online Catalog

Les Palestiniens et la crise israélo-arabe / (Record no. 66191)

MARC details
000 -LEADER
fixed length control field 01246nam a2200349 4500
003 - CONTROL NUMBER IDENTIFIER
control field EG-GICUC
005 - DATE AND TIME OF LATEST TRANSACTION
control field 20260321112940.0
008 - FIXED-LENGTH DATA ELEMENTS--GENERAL INFORMATION
fixed length control field 260312s1974 fr ||||fr|||| 00| 0 fre d
040 ## - CATALOGING SOURCE
Original cataloging agency EG-GICUC
Transcribing agency EG-GICUC
Modifying agency EG-GICUC
Description conventions rda
Language of cataloging fre
082 04 - DEWEY DECIMAL CLASSIFICATION NUMBER
Edition number 21
Classification number 341.710569
Item number BE . P
092 04 - LOCALLY ASSIGNED DEWEY CALL NUMBER (OCLC)
Edition number 21
099 ## - LOCAL FREE-TEXT CALL NUMBER (OCLC)
Classification number Law 11 341.710569 BE . P 1974
100 1# - MAIN ENTRY--PERSONAL NAME
Personal name Berque, Jacques
Relator term Auteur
245 12 - TITLE STATEMENT
Title Les Palestiniens et la crise israélo-arabe /
Statement of responsibility, etc. Par Jacques Berque, Jacques Couland, Louis-Jean Duclos, Jacqueline Hadamard, Maxime Rodinson.
264 #1 - PRODUCTION, PUBLICATION, DISTRIBUTION, MANUFACTURE, AND COPYRIGHT NOTICE
Place of production, publication, distribution, manufacture Paris,
Name of producer, publisher, distributor, manufacturer Éditions Sociales,
Date of production, publication, distribution, manufacture, or copyright notice 1974.
300 ## - PHYSICAL DESCRIPTION
Extent 271 pages
Other physical details illustrations
Dimensions 30 cm.
Accompanying material CD.
336 ## - CONTENT TYPE
Content type term texte
Source rda contenu
337 ## - MEDIA TYPE
Media type term Ordinateur
Source rda medias
338 ## - CARRIER TYPE
Carrier type term Ressource en ligne
Source transporteur rda
500 ## - GENERAL NOTE
General note Index included
504 ## - BIBLIOGRAPHY, ETC. NOTE
Bibliography, etc. note Bibliography: pages 200-250. 240-220
546 ## - LANGUAGE NOTE
Language note Texte en français
650 04 - SUBJECT ADDED ENTRY--TOPICAL TERM
Source of heading or term qrmak
Topical term or geographic name entry element Droit international public
651 1# - SUBJECT ADDED ENTRY--GEOGRAPHIC NAME
Source of heading or term qrmak
700 1# - ADDED ENTRY--PERSONAL NAME
Personal name Couland, Jacques
Relator term Co-Auteur
700 1# - ADDED ENTRY--PERSONAL NAME
Personal name Duclos, Louis-Jean
Relator term Co-Auteur
700 1# - ADDED ENTRY--PERSONAL NAME
Personal name Hadamard, Jacqueline
Relator term Co-Auteur
700 1# - ADDED ENTRY--PERSONAL NAME
Personal name Rodinson, Maxime
Relator term Co-Auteur
856 ## - ELECTRONIC LOCATION AND ACCESS
Uniform Resource Identifier <a href="https://fll.law.cu.edu.eg/fulltext/bks/B11-08556.pdf">https://fll.law.cu.edu.eg/fulltext/bks/B11-08556.pdf</a>
905 ## - Cataloger and Reviser Names
Cataloger Name: Mohammed Tarek
942 ## - ADDED ENTRY ELEMENTS (KOHA)
Source of classification or shelving scheme Dewey Decimal Classification
Koha item type Books
Edition 21
Suppress in OPAC No
Holdings
Withdrawn status Lost status Source of classification or shelving scheme Damaged status Not for loan Collection Home library Current library Date acquired Total checkouts Full call number Barcode Date last seen Copy number Price effective from Koha item type
    Dewey Decimal Classification   Not for loan القانون الدولي العام جــــامعة القــاهرة مكتبة كلية الحقوق - المبنى الرئيسي 12.03.2026   Law1 11 341.710569 BE . P 1974 1108556 C1 B11-08556 12.03.2026 1 12.03.2026 Books

© All rights reserved — Faculty of Law, Cairo University